000
00308nam a2200097Ia 4500
001
720591
005
20250826163236.0
008
250824s9999 xx 000 0 und d
245
0
_a
MEŞHURİYETTEN CUMHURİYETE KONYA DA KURUAN MİLLİ ŞİRKETLER VE MİLLİ BANKALAR
_c
AHMET ATALAY
260
_b
ÇİZGİ YAYINLARI
999
_c
720591
_d
720591